| 000 | 00771cas a22002535a 4500 | ||
|---|---|---|---|
| 001 | L53 | ||
| 008 | 070703c1996 xxkmr p 0 a0eng | ||
| 022 | 1 | _a1365-5671 | |
| 035 | _a(Sirsi) u99099 | ||
| 041 | 0 | _aeng | |
| 110 | 2 |
_aChartered Institution of Building Services Engineers _92360 |
|
| 240 | 1 | 0 |
_aBSJ _bBuilding Services Journal _bthe Magazine of CIBSE |
| 245 | 0 | 0 |
_aBuilding Services Journal _bthe Magazine of CIBSE |
| 260 |
_aLondon _bCMP _c1996- |
||
| 510 | 2 |
_aKnowledge Alert _c2006- |
|
| 520 | _aKept for five years | ||
| 554 | _a12 per year | ||
| 651 | 4 |
_aUnited Kingdom _y |
|
| 690 |
_aBlock management _96220 |
||
| 780 | 0 | 0 | _tBuilding Services |
| 780 | 0 | 0 | _tThe Building Services Engineer and Electrical Design |
| 942 | _n0 | ||
| 948 | _c04/02/1994 | ||
| 999 |
_c118653 _d118653 |
||